000 00492nam a2200169Ia 4500
008 220216s9999 xx 000 0 und d
100 _aWang M J
245 0 _aNew developments in carbon black dispersion
260 _bKautschuk Gummi Kunststoffe
_c2005
300 _a626-637
650 _aCarbon-silica dual phase filler
650 _aContinuous liquid phase mixing
650 _aDispersion in aqueous media
650 _aFiller dispersion
650 _aMicro-dispersion
942 _cJS
999 _c63776
_d63776